000 00786nam a2200169 a 4500
008 151013s2011 ||||||||||||||||| || u
020 _a9789350250518
050 _aRD 651 Sur
100 _aBartlett, David L
245 1 0 _aSurgical oncology: fundamentals, evidence-based approaches and new technology
_cEdited by David L. Bartlett, Pragatheeshwar Thirunavukarasu [and] Matthew D. Neal
260 _aNew Delhi
_bJaypee Brothers Medical publishers
_c2011
300 _axxii, 616p.: ill.
350 _a191.75
650 _aCANCER -- SURGERY -- HANDBOOKS, MANUALS ETC
650 _aNEOPLASMS -- SURGERY
995 _aMEDICAL LIBRARY OPEN ACCESS
_e903286
_FCBU-SCHOOL OF MEDICINE LIBRARY (Ndola)
_I191.75
_jRD 651 Sur
_M1
_UAVAILABLE
_WJan 20, 2016
_y903286
_ZMedical Library Open Access Collection
999 _c32795
_d32795